Požiadavky zo slovenského jazyka a literatúry na prijímacie skúšky na vysoké školy /

Main Author: Darovec, Miloslav
Language: Slovak
Published: Bratislava : Slovenské pedagogické nakladateľstvo, 1989
Edition: 2.vyd.
Physical Description: 52 s.
Book
Saved in:
LEADER 01093nam a22002772a 4500
001 000051797
003 CZ BrMZK
005 20060728095606.0
007 ta
008 951201s1989 xo f slo d
020 |a 80-08-00925-X 
040 |a BOA001  |b cze 
080 |a 371.212.21:372.880.854:378  |2 MRF 
080 |a 372.880.854:371.212.21:378  |2 MRF 
100 1 |a Darovec, Miloslav  |7 jx20041006024  |4 aut 
245 1 0 |a Požiadavky zo slovenského jazyka a literatúry na prijímacie skúšky na vysoké školy /  |c Miloslav Darovec a kolektiv 
250 |a 2.vyd. 
260 |a Bratislava :  |b Slovenské pedagogické nakladateľstvo,  |c 1989 
300 |a 52 s. 
910 |a BOA001  |b PK-0111.754  |b 2-0945.477 
920 |a 000347772 
964 |a Slovenština - zkoušky přijímací - školy vysoké 
964 |a Literatura slovenská - zkoušky přijímací - školy vysoké 
990 |a BK 
996 7 |b 2619338937  |c 2-0945.477  |l MZK  |r Sklad / do 1 hodiny  |n 0  |w 000051797  |u 000020  |a 1  |e BOA001  |j MZK50  |s A 
996 7 |b 3119977801  |c PK-0111.754  |l MZK  |r Sklad / do 1 hodiny  |n 1  |w 000051797  |u 000010  |a 1  |e BOA001  |j MZK50  |s A